ARRUPE JESUIT UNIVERSITY

CORONAVIRUS -STOP THE SPREAD - CLEAN,DISINFECT,COVER

Life, the universe, and everything : (Record no. 123774)

MARC details
000 -LEADER
fixed length control field 01551cam a22003737a 4500
001 - CONTROL NUMBER
control field 16726799
003 - CONTROL NUMBER IDENTIFIER
control field ARRUPE
005 - DATE AND TIME OF LATEST TRANSACTION
control field 20151112110944.0
008 - FIXED-LENGTH DATA ELEMENTS--GENERAL INFORMATION
fixed length control field 110408s2011 orua b 001 0 eng d
010 ## - LIBRARY OF CONGRESS CONTROL NUMBER
LC control number 2011281415
020 ## - INTERNATIONAL STANDARD BOOK NUMBER
International Standard Book Number 1608998126
020 ## - INTERNATIONAL STANDARD BOOK NUMBER
International Standard Book Number 9781608998128
020 ## - INTERNATIONAL STANDARD BOOK NUMBER
International Standard Book Number 9780718892739 (pbk.)
035 ## - SYSTEM CONTROL NUMBER
System control number (OCoLC)ocn696718708
040 ## - CATALOGING SOURCE
Original cataloging agency YDXCP
Transcribing agency YDXCP
Modifying agency DTM
-- BWX
-- DLC
042 ## - AUTHENTICATION CODE
Authentication code lccopycat
050 00 - LIBRARY OF CONGRESS CALL NUMBER
Classification number B485
Item number .M33 2011
300 ## - PHYSICAL DESCRIPTION
Other physical details ill. ;
Dimensions 23 cm.
100 1# - MAIN ENTRY--PERSONAL NAME
Personal name Machuga, Ric.
9 (RLIN) 21046
245 10 - TITLE STATEMENT
Title Life, the universe, and everything :
Remainder of title an Aristotelian philosophy for a scientific age /
Statement of responsibility, etc Ric Machuga.
260 ## - PUBLICATION, DISTRIBUTION, ETC. (IMPRINT)
Place of publication, distribution, etc Cambridge
Name of publisher, distributor, etc The Lutterworth Press,
Date of publication, distribution, etc c2011.
300 ## - PHYSICAL DESCRIPTION
Extent xvi, 308 p. :
504 ## - BIBLIOGRAPHY, ETC. NOTE
Bibliography, etc Includes bibliographical references (p. 291-297) and index.
505 0# - FORMATTED CONTENTS NOTE
Formatted contents note What is a good argument? -- Has science made philosophy obsolete? -- What is a "scientific" proof? -- What is truth? -- What is real? -- How do we know? -- What does it mean to be human? -- Why should we care about morality? -- Are humans really free? -- Does God exist? -- How can a good God allow evil? -- Why should we believe in God?
600 00 - SUBJECT ADDED ENTRY--PERSONAL NAME
Personal name Aristotle.
9 (RLIN) 21047
650 #0 - SUBJECT ADDED ENTRY--TOPICAL TERM
Topical term or geographic name as entry element Science
General subdivision Philosophy.
9 (RLIN) 21048
650 #0 - SUBJECT ADDED ENTRY--TOPICAL TERM
Topical term or geographic name as entry element God
General subdivision Proof.
9 (RLIN) 148
650 #0 - SUBJECT ADDED ENTRY--TOPICAL TERM
Topical term or geographic name as entry element Life.
9 (RLIN) 13910
650 #0 - SUBJECT ADDED ENTRY--TOPICAL TERM
Topical term or geographic name as entry element Cosmology.
9 (RLIN) 21049
650 #0 - SUBJECT ADDED ENTRY--TOPICAL TERM
Topical term or geographic name as entry element Religion and science.
9 (RLIN) 21050
650 #0 - SUBJECT ADDED ENTRY--TOPICAL TERM
Topical term or geographic name as entry element Apologetics.
9 (RLIN) 21051
906 ## - LOCAL DATA ELEMENT F, LDF (RLIN)
a 7
b cbc
c copycat
d 2
e ncip
f 20
g y-gencatlg
942 ## - ADDED ENTRY ELEMENTS (KOHA)
Source of classification or shelving scheme Library of Congress Classification
Koha item type Monograph ( Printed materials)
Holdings
Withdrawn status Lost status Source of classification or shelving scheme Damaged status Not for loan Collection code Home library Current library Shelving location Date acquired Total Checkouts Full call number Barcode Date last seen Date checked out Price effective from Koha item type
    Library of Congress Classification     Main Collection ARRUPE LIBRARY ARRUPE LIBRARY Main Collection 12/11/2015 18 B485 .M33 2011 80005002629 28/04/2023 19/09/2022 12/11/2015 Monograph ( Printed materials)

 

Arrupe Library. PO Box MP320 Mt Pleasant, Harare, Zimbabwe
263 242 745411|librarian@aju.ac.zw